[Event "NSU Open Mesterklassen 2011"]
[Site "Hillerod"]
[Date "2011.01.09"]
[Round "5"]
[White "Hove, Esben Kjems"]
[Black "Schultz Pedersen, Jesper"]
[Result "1/2-1/2"]
[WhiteElo "2275"]
[BlackElo "2139"]
[PlyCount "67"]
[EventDate "2011.??.??"]

1. d4 d5 2. c4 e5 3. dxe5 d4 4. a3 c5 5. e3 Nc6 6. exd4 cxd4 7. Bf4 f6 8. exf6
Qxf6 9. Bg3 Bf5 10. Bd3 O-O-O 11. Ne2 h5 12. h3 g5 13. Qc2 Nh6 14. Nd2 Bd6 15.
Bxf5+ Qxf5 16. Qxf5+ Nxf5 17. Bxd6 d3 18. Ng3 Rhe8+ 19. Kd1 Nxd6 20. Nxh5 Nd4
21. Ng3 Re5 22. Rc1 Nc2 23. Rxc2 dxc2+ 24. Kxc2 b5 25. cxb5 Nxb5 26. Nge4 Nd4+
27. Kc3 Ne2+ 28. Kb3 Nf4 29. h4 gxh4 30. Rxh4 Nxg2 31. Rg4 Ne1 32. Nc4 Re6 33.
Ng5 Rf6 34. Ne4 1/2-1/2

[Event "NSU Open Mesterklassen 2011"]
[Site "Hillerod"]
[Date "2011.01.09"]
[Round "5"]
[White "Jacobsen, Hans Endrup"]
[Black "Tandrup, Michael"]
[Result "0-1"]
[WhiteElo "1869"]
[BlackElo "1940"]
[PlyCount "118"]
[EventDate "2011.??.??"]

1. e4 e6 2. d4 d5 3. Nc3 dxe4 4. Nxe4 Nd7 5. Nf3 Ngf6 6. Nxf6+ Nxf6 7. Bg5 Be7
8. Bd3 c5 9. dxc5 Qa5+ 10. Qd2 Qxd2+ 11. Nxd2 Bxc5 12. Bxf6 gxf6 13. Ne4 Be7
14. O-O-O Bd7 15. Bc4 O-O-O 16. Nd6+ Bxd6 17. Rxd6 Bc6 18. Rxd8+ Rxd8 19. f3
Rg8 20. g3 f5 21. Rf1 h5 22. f4 h4 23. Rg1 Kd8 24. Kd2 hxg3 25. Rxg3 Rh8 26. h3
Kd7 27. Bf1 Rh4 28. Bg2 Bxg2 29. Rxg2 Rxh3 30. Ke2 Rh8 31. Ke3 Rh1 32. c4 Re1+
33. Kf3 Rc1 34. b3 Rc3+ 35. Kf2 b6 36. Ke2 Ke8 37. Rf2 a5 38. Kd2 Rg3 39. Kc2
Ke7 40. Kb2 Rd3 41. Ka3 Kd6 42. Ka4 Kc6 43. a3 Rd4 44. Rf1 Kb7 45. Kb5 Rd3 46.
Ka4 Ka6 47. b4 Rc3 48. bxa5 bxa5 49. Rf2 Rxc4+ 50. Kb3 Kb5 51. Rf3 a4+ 52. Kb2
Kc5 53. Rf1 Kd5 54. Rd1+ Ke4 55. Rd7 Kxf4 56. Rxf7 e5 57. Rb7 e4 58. Rb4 Rxb4+
59. axb4 e3 0-1

[Event "NSU Open Mesterklassen 2011"]
[Site "Hillerod"]
[Date "2011.01.09"]
[Round "5"]
[White "Jakobsen, Peter"]
[Black "Kristensen, Kaare Hove"]
[Result "1/2-1/2"]
[WhiteElo "2182"]
[BlackElo "2232"]
[PlyCount "74"]
[EventDate "2011.??.??"]

1. Nf3 d5 2. c4 d4 3. g3 c5 4. b4 f6 5. bxc5 e5 6. d3 Bxc5 7. Bg2 Ne7 8. O-O
O-O 9. Nbd2 Nbc6 10. Ne4 Bb4 11. Qb3 f5 12. Ned2 Bc5 13. Ba3 Bxa3 14. Qxa3 h6
15. Rab1 Qc7 16. Rb5 Rb8 17. Rfb1 b6 18. Ne1 Re8 19. Nc2 Bd7 20. R5b2 Kh8 21.
Nf3 Nc8 22. e3 dxe3 23. Nxe3 Be6 24. Re1 Nd6 25. c5 Nf7 26. cxb6 Rxb6 27. Rc2
Qd6 28. Qxd6 Nxd6 29. Nc4 Nxc4 30. dxc4 e4 31. Nd2 Nd4 32. Rcc1 Rb2 33. Rcd1
Rc2 34. f3 Bxc4 35. Nxc4 Rxc4 36. fxe4 fxe4 37. Bxe4 Rxe4 1/2-1/2

[Event "NSU Open Mesterklassen 2011"]
[Site "Hillerod"]
[Date "2011.01.09"]
[Round "5"]
[White "Schou Moldt, Thomas"]
[Black "Knudsen, Jes West"]
[Result "1-0"]
[WhiteElo "2148"]
[BlackElo "1904"]
[PlyCount "75"]
[EventDate "2011.??.??"]

1. e4 Nf6 2. e5 Nd5 3. c4 Nb6 4. d4 d6 5. exd6 exd6 6. Nc3 Be7 7. Be3 Na6 8.
Qh5 g6 9. Qd1 O-O 10. Be2 c5 11. d5 Bf6 12. Rc1 Re8 13. Qd2 Nc7 14. h4 Bxh4 15.
Nf3 Bf6 16. Kf1 Bg4 17. Ng5 Bxe2+ 18. Nxe2 Bxg5 19. Bxg5 Qd7 20. Ng3 Qa4 21.
Bf6 Nd7 22. b3 Qa6 23. Nh5 Re5 24. Bxe5 dxe5 25. Ng3 f5 26. d6 Ne6 27. Rc3 Nf6
28. Rh6 Rf8 29. Nxf5 gxf5 30. Rg3+ Kh8 31. Rgg6 Qc6 32. Rxf6 Rxf6 33. Rxf6 Nf4
34. f3 Qd7 35. Qe3 Qg7 36. Rf8+ Qxf8 37. Qxe5+ Kg8 38. d7 1-0